000 00208nam a22000977a 4500
008 151124b xxu||||| |||| 00| 0 eng d
100 _aKLB
245 _aSecondary Physics
250 _a3RD ED
260 _c2005
999 _c251478
_d251478